000
00243nam a2200097Ia 4500
001
953533
005
20250826215728.0
008
250824s9999 xx 000 0 und d
245
0
_a
TOPAL KARINCA
_c
ERDAL ÇAKICIOĞLU
260
_b
AKVARYUM YAYINLARI
999
_c
953533
_d
953533